Statistics for State Capitals That Beat Springfield

Click here to take the quiz!

General Stats

  • This quiz has been taken 76 times
  • The average score is 8 of 10

Answer Stats

RankCategoryAnswer% Correct
7Closest to the Great LakesMadison | Lansing | Columbus | St. Paul | Indianapolis | Albany
95%
10Farthest From the OceanPierre | Cheyenne | Des Moines | Bismarck | Lincoln | Denver | St. Paul | Madison | Topeka
94%
4Closest to the Mississippi RiverBaton Rouge | St. Paul | Jackson
91%
5 (t)Longest NameJefferson City | Indianapolis | Oklahoma City | Salt Lake City | Tallahassee(t)
89%
4Closest to Chicago, IllinoisMadison | Indianapolis | Lansing
88%
7Closest to the Missouri RiverBismarck | Jefferson City | Pierre | Helena | Lincoln | Topeka
86%
7 (t)Most Scrabble PointsJefferson City | Oklahoma City | Salt Lake City | Jackson | Phoenix | Frankfort | Bismarck(t) | Montgomery(t) | Providence(t)
77%
4Last AlphabeticallyTrenton | Topeka | Tallahassee
76%
3Tallest Capitol BuildingBaton Rouge | Lincoln
42%
2Slowest Growing (2010-2020)Charleston
27%

Score Distribution

Percentile by Number Answered

Percent of People with Each Score

Your Score History

You have not taken this quiz